| 000 | 00984cam a22002775a 4500 | ||
|---|---|---|---|
| 001 | 016794971 | ||
| 003 | OSt | ||
| 005 | 20160221115857.0 | ||
| 008 | 140718s2015 mou frbf 001 0 eng d | ||
| 020 | _a9781574393637 (pbk.) | ||
| 020 | _a1574393634 | ||
| 040 |
_aStDuBDS _beng _cStDuBDS _dEG-ScBUE _dEG-ScBUE |
||
| 082 | 0 | 4 |
_a615.7045 _bDRU _222 |
| 245 | 1 | 0 |
_aDrug interaction facts : _bthe authority on drug interactions / _cedited by David S. Tatro. |
| 246 | 3 |
_aDrug interaction facts 2015 : _bthe authority on drug interactions |
|
| 260 |
_aMissouri : _bWolters Kluwer Health, _c2015. |
||
| 300 |
_alviii, 2486 p. ; _c23 cm. |
||
| 500 | _aIndex : p. 2351-2483. | ||
| 504 | _aIncludes bibliographical references. | ||
| 650 | 7 |
_aDrug interactions _vHandbooks, manuals, etc. _2BUEsh _913162 |
|
| 650 | 0 |
_aChemotherapy, Combination _vHandbooks, manuals, etc. _2BUEsh |
|
| 651 | _2BUEsh | ||
| 653 |
_bPPhrm _cFebruary2016 |
||
| 700 | 1 |
_aTatro, David S. _eeditor. _939388 |
|
| 942 | _2ddc | ||
| 999 |
_c21193 _d21165 |
||